| 000 | 00615nam a22001577a 4500 | ||
|---|---|---|---|
| 008 | 090809t xxu||||| |||| 00| 0 eng d | ||
| 020 | _a9770264636 | ||
| 082 |
_a338.27 _bب ن ب |
||
| 245 |
_aالبترول والحياة/ _cتأليف حمدى البنبى |
||
| 250 | _aط 2 | ||
| 260 |
_aالاسكندرية: _bدار المعارف، _c2000 |
||
| 300 |
_a؛151 ص _c18 سم |
||
| 650 |
_98386 _aالبترول |
||
| 942 |
_2ddc _cBB |
||
| 999 |
_c12550 _d12550 |
||